Manchester United Squad 2020-2021 - Statistics

General Stats
  • This quiz has been taken 261 times
    236 since last reset
  • The average score is 25 of 32
Answer Stats
# Position Nation Player % Correct
1 GK Spain David de Gea
99%
10 FW England Marcus Rashford
97%
2 DF Sweden Victor Lindelöf
97%
3 DF Ivory Coast Eric Bailly
96%
6 MF France Paul Pogba
96%
7 FW Uruguay Edinson Cavani
95%
5 DF England Harry Maguire
95%
9 FW France Anthony Martial
93%
18 MF Portugal Bruno Fernandes
91%
17 MF Brazil Fred
91%
8 MF Spain Juan Mata
91%
23 DF England Luke Shaw
89%
39 MF Scotland Scott McTominay
88%
4 DF England Phil Jones
87%
31 MF Serbia Nemanja Matić
85%
21 FW Wales Daniel James
80%
11 FW England Mason Greenwood
78%
26 GK England Dean Henderson
77%
22 GK Argentina Sergio Romero
77%
- Coach Norway Ole Gunnar Solskjær
75%
16 DF Argentina Marcos Rojo
73%
29 DF DR Congo Aaron Wan-Bissaka
72%
19 FW Ivory Coast Amad Diallo
69%
34 MF Netherlands Donny van de Beek
69%
14 FW England Jesse Lingard
66%
27 DF Brazil Alex Telles
63%
25 FW Nigeria Odion Ighalo
60%
13 GK England Lee Grant
52%
28 FW Uruguay Facundo Pellistri
49%
38 DF England Axel Tuanzebe
43%
33 DF England Brandon Williams
42%
24 DF Netherlands Timothy Fosu-Mensah
29%
No matching quizzes found
Score Distribution
Percent of People with Each Score
Percentile by Number Answered
Your Score History
You have not taken this quiz since the last reset